Central Library OPAC University of Rajshahi

Hypertrophic response in smooth muscle / (Record no. 66670)

MARC details
000 -LEADER
fixed length control field 00787nam a2200253 a 4500
001 - CONTROL NUMBER
control field 66670
003 - CONTROL NUMBER IDENTIFIER
rucl marc code BD-RjUL
005 - DATE AND TIME OF LATEST TRANSACTION
control field 20211209081551.0
008 - FIXED-LENGTH DATA ELEMENTS--GENERAL INFORMATION
fixed length control field 861231s1987 flua b 001 0 eng c
020 ## - INTERNATIONAL STANDARD BOOK NUMBER
International Standard Book Number 0849362997
035 ## - SYSTEM CONTROL NUMBER
System control number (BD-RjUL)66801
040 ## - CATALOGING SOURCE
Original cataloging agency DNLM/DLC
Transcribing agency DLC
Modifying agency DLC
-- BD-RjUL
Language of cataloging eng
041 ## - LANGUAGE CODE
Language code of text/sound track or separate title eng
082 00 - DEWEY DECIMAL CLASSIFICATION NUMBER
Edition number 23
Classification number 612.74
Author mark and year HYP 1987
245 10 - TITLE STATEMENT
Title Hypertrophic response in smooth muscle /
Statement of responsibility, etc. editors, Charles L. Seidel, Norman W. Weisbrodt.
260 ## - PUBLICATION, DISTRIBUTION, ETC. (IMPRINT)
Place of publication, distribution, etc. Boca Raton, Fla. :
Name of publisher, distributor, etc. CRC Press,
Date of publication, distribution, etc. c1987.
300 ## - PHYSICAL DESCRIPTION
Pagination 199 p. :
Illustrations ill. ;
Size 27 cm.
504 ## - BIBLIOGRAPHY, ETC. NOTE
Bibliography, etc Includes bibliographies and index.
650 #0 - SUBJECT ADDED ENTRY--TOPICAL TERM
Topical term or geographic name as entry element Muscle
9 (RLIN) 197377
Topical term or geographic name as entry element Muscle, Smooth
General subdivision pathology.
9 (RLIN) 197378
700 1# - ADDED ENTRY--PERSONAL NAME
Personal name Seidel, Charles L.
Personal name Weisbrodt, Norman W.
942 ## - ADDED ENTRY ELEMENTS (KOHA)
Source of classification or shelving scheme Dewey Decimal Classification
Koha item type Books
Holdings
Lost status Source of classification or shelving scheme Damaged status Not for loan Collection code Permanent Location Current Location Shelving location Date acquired Source of acquisition Cost, normal purchase price Total Checkouts Full call number Date last seen Copy number Koha item type
  Dewey Decimal Classification   Not For Loan Non-fiction Central Library, University of Rajshahi Central Library, University of Rajshahi Reading Room 06/06/1990 Asia Foundation 0.00   612.74 HYP 1987 18/03/2017 C-1 Books